000 01517nam a22002417a 4500
999 _c60097
_d60097
003 Ge_BSU
005 20230608111604.0
008 230608s1989 ge ||||| |||| 00| 0 geo d
020 _a5520004528
041 _ageo
080 _a930(479.22)(092) მ-47
100 _aმეგრელიძე, იოსებ
_9114
245 _aექვთიმე თაყაიშვილი:
_bცხოვრება და მოღვაწეობა /
_cიოსებ მეგრელიძე; რედაქტორი: ან.აფაქიძე; საქართველოს სსრ მეცნიერებათა აკადემია.საზოგადოებრივ მეცნიერებათა განყოფილება.
264 _aთბილისი:
_bმეცნიერება,
_c1989.
300 _a432 გვ.:
_bილ.;
_c22 სმ.
501 _aსაძიებ. გვ. 404-426
504 _aბიბლიოგრ. გვ. 398-399
653 _aთაყაიშვილი ექვთიმე.
653 _aქართველი ისტორიკოსები.
700 _aაფაქიძე, ანდრია
_eრედაქტორი
_95454
700 _aსაქართველოს სსრ მეცნიერებათა აკადემია.
_eსაზოგადოებრივ მეცნიერებათა განყოფილება
_918562
942 _2udc
_cBK